Pokročilé metódy vizualizácie a prezentácie výstupov v jazyku R na aktuárskych dátach diplomová práca
Guardado en:
| Autor principal: | |
|---|---|
| Autor Corporativo: | |
| Otros Autores: | |
| Formato: | Libro |
| Lenguaje: | eslovaco |
| Publicado: |
Bratislava
2024
|
| Etiquetas: |
Sin Etiquetas, Sea el primero en etiquetar este registro!
|
MARC
| LEADER | 00000nbm a2200000 4500 | ||
|---|---|---|---|
| 001 | 0301163 | ||
| 005 | 20250129085501.7 | ||
| 041 | 0 | |a slo | |
| 044 | |a SK | ||
| 245 | 1 | 0 | |a Pokročilé metódy vizualizácie a prezentácie výstupov v jazyku R na aktuárskych dátach |b diplomová práca |c Simona Buchancová ; školiteľ: Michal Páleš |
| 264 | 1 | |a Bratislava |c 2024 | |
| 300 | |a 146 s. | ||
| 100 | 1 | |a Buchancová, Simona | |
| 700 | 1 | |a Páleš, Michal, 1984- | |
| 710 | 2 | |a Fakulta hospodárskej informatiky EU. Katedra matematiky a aktuárstva | |